000 01133nam a22001577a 4500
041 _aukr
080 _a09
090 _bБОН
100 _aБондаренко О. В.
245 _aАнглійська анімалістична фразеологія та її представлення в українській мові
260 _aОстрог
_bКАФ
_c2004
300 _a44
520 _aРозділ 1. Класифікація та етимологія фразеологічних одиниць. 1.1. Класифікація фразеологічних одиниць. 1.2. Етимологія фразеологічних одиниць. Розділ 2. Англійські фразеологізми з компонентами назвами свійських та домашніх тварин та способи їх передачі українською мовою. Розділ 3. Англійські фразеологізми з компонентами назвами диких тварин.
_0Класифікація, ФО, компонент.
650 _aResearch Papers
999 _c282573
_d282573
942 _cBK